The analysis and design of linear circuits / (Record no. 12607)
[ view plain ]
| 000 -LEADER | |
|---|---|
| fixed length control field | 00474cam a2200181Ka 4500 |
| 020 ## - INTERNATIONAL STANDARD BOOK NUMBER | |
| ISBN | 0471365920 |
| 040 ## - CATALOGING SOURCE | |
| Transcribing agency | UBP |
| 082 ## - DEWEY DECIMAL CLASSIFICATION NUMBER | |
| Classification number | 621 JWI 1999 A043 Or. |
| 100 1# - MAIN ENTRY--AUTHOR NAME | |
| Personal name | Thomas, Roland E., |
| 245 14 - TITLE STATEMENT | |
| Title | The analysis and design of linear circuits / |
| 246 30 - VARYING FORM OF TITLE | |
| Title proper/short title | Design of linear circuits |
| 246 30 - VARYING FORM OF TITLE | |
| Title proper/short title | Linear circuits |
| 250 ## - EDITION STATEMENT | |
| Edition statement | 2. ed |
| 260 ## - PUBLICATION, DISTRIBUTION, ETC. (IMPRINT) | |
| Place of publication | New York : |
| Name of publisher | J. Wiley, |
| Year of publication | c1999 |
| 300 ## - PHYSICAL DESCRIPTION | |
| Number of Pages | 966, [58] p. : |
| Other physical details | il. ; |
| Dimensions | 25 cm |
| 700 1# - ADDED ENTRY--PERSONAL NAME | |
| Personal name | Rosa, Albert J., |
| 942 ## - ADDED ENTRY ELEMENTS (KOHA) | |
| Koha item type | សៀវភៅភាសាអង់គ្លេស |
| 952 ## - LOCATION AND ITEM INFORMATION (KOHA) | |
| Withdrawn status [LOCAL, KOHA] | 0 |
| Permanent Location | Date acquired | Koha item type | Lost status | Shelving location | Barcode | Current Location | Full call number |
|---|---|---|---|---|---|---|---|
| Library Block A | 2017-08-15 | សៀវភៅភាសាអង់គ្លេស | A054 | A07402 | Library Block A | 621 JWI 1999 A054 Or. |